| 000 | 00760nac a22001811u 4500 | ||
|---|---|---|---|
| 008 | 080925s2006 ua|||||r|||| 000 0 ara d | ||
| 082 |
_a220.9 _bم و ي _222 |
||
| 245 |
_aالقرآن : _bنظمه وتعاليمه؛ وشهادته للكتب المقدسة/ _cويليام موير؛ ترجمة مالك مسلماني |
||
| 260 |
_a[القاهرة] : _b[د.ن] ، _c[19??] |
||
| 300 |
_a131 ص; _c24 سم |
||
| 500 | _aيحتوى على ارجاعات بليوجرافية | ||
| 511 | _aCatalogued by: Sara | ||
| 541 |
_aألف باء؛ _cشراء؛ |
||
| 650 |
_aالقرآن _916017 _xتاريخ |
||
| 650 |
_aالقرآن، جمع وتدوين _916158 |
||
| 650 |
_aالقرآن، سور وآيات _916159 _xتاريخ |
||
| 942 |
_cBB _k220.9م و ي _2ddc |
||
| 999 |
_c6625 _d6625 |
||